000 01208cam a2200325 i 4500
001 41754
003 Mx-PuUPA
005 20250321123142.0
008 140415s2003 cauao fr 001 0 eng d
020 _a0520240111
_qrústica
_qpapel alcalino
040 _cMx-PuUPA
_aMx-PuUPA
_bspa
_dMx-PuUPA
_erda
041 0 _aeng
100 1 _916855
_aJuergensmeyer, Mark,
_d1940-
_eautor
245 1 0 _aTerror in the mind of god :
_bthe global rise of the religious violence /
_cMark Juergenmeyer
250 _aThird Edition Revised and Updated
260 _a
_b
_c
264 1 _aBerkeley, California :
_bUniversity of California Press,
_c©2003
300 _axvii, 319 páginas, 6 páginas con fotografías sin numerar :
_bilustraciones, fotografías ;
_c23 cm
336 _2rdacontent
_atexto
_btxt
337 _2rdamedia
_asin medio
_bn
338 _2rdacarrier
_avolumen
_bnc
490 0 _aComparative studies in religion and society ;
_v13
650 7 _2armarc
_aViolencia
_vAspectos religiosos
650 7 _2armarc
_aTerrorismo
650 7 _2armarc
_aReligión
942 _2ddc
_cLI
_h241.697
_iJ33
999 _c41754
_d41754